000
00300nam a22001337a 4500
008
260211b ||||| |||| 00| 0 eng d
020
_a
9788846837172
041
_a
eng
080
_a
0001
100
_a
20
101
_a
ITAL
245
_a
IL Ragazzo di Capaci
_c
Roberto Melchiorre
942
_2
lcc
_c
BK
999
_c
60766
_d
60766